Normal view
MARC view
- Ahmad, Jawad
Entry Personal Name
001 - CONTROL NUMBER
- control field: 119958
003 - CONTROL NUMBER IDENTIFIER
- control field: NUST
005 - DATE AND TIME OF LATEST TRANSACTION
- control field: 20240119103019.0
008 - FIXED-LENGTH DATA ELEMENTS
- fixed length control field: 240119|| aca||aabn | a|a d
040 ## - CATALOGING SOURCE
- Original cataloging agency: NUST
- Transcribing agency: NUST
100 ## - HEADING--PERSONAL NAME
- Personal name: Ahmad, Jawad
670 ## - SOURCE DATA FOUND
- Source citation: Work cat.: (NUST): Ahmad, Jawad, Transformer based approach for inappropriate content detection in Urdu /
